<?xml version="1.0" encoding="UTF-8"?>
<collection xmlns="http://www.loc.gov/MARC21/slim">
<record>
  <controlfield tag="001">147040</controlfield>
  <controlfield tag="005">20260217205605.0</controlfield>
  <datafield tag="024" ind1="7" ind2=" ">
    <subfield code="2">doi</subfield>
    <subfield code="a">10.1021/acs.organomet.4c00409</subfield>
  </datafield>
  <datafield tag="024" ind1="8" ind2=" ">
    <subfield code="2">sideral</subfield>
    <subfield code="a">140734</subfield>
  </datafield>
  <datafield tag="037" ind1=" " ind2=" ">
    <subfield code="a">ART-2024-140734</subfield>
  </datafield>
  <datafield tag="041" ind1=" " ind2=" ">
    <subfield code="a">eng</subfield>
  </datafield>
  <datafield tag="100" ind1=" " ind2=" ">
    <subfield code="a">Español-Sánchez, Belinda</subfield>
  </datafield>
  <datafield tag="245" ind1=" " ind2=" ">
    <subfield code="a">Tuning the pyridone scaffold within a Rhodium-NHC platform for gem-specific alkyne dimerization via a ligand-assisted proton shuttle mechanism</subfield>
  </datafield>
  <datafield tag="260" ind1=" " ind2=" ">
    <subfield code="c">2024</subfield>
  </datafield>
  <datafield tag="506" ind1="0" ind2=" ">
    <subfield code="a">Access copy available to the general public</subfield>
    <subfield code="f">Unrestricted</subfield>
  </datafield>
  <datafield tag="520" ind1="3" ind2=" ">
    <subfield code="a">A series of mononuclear square-planar Rh{κ2N,O-BHetA}(η2-coe)(NHC) (BHetA = Bis-Heteroatomic Acidato) complexes have been prepared. Modifications of the pyridonato BHetA-type ligand architecture include 4-Me, 5-Me, 6-Me, 3-Br, 4-Br, 4-OMe, and 5-NO2 substitutions as well as pyrimidonato, succinimidato, and 2-piperidonato catalysts. Two structural isomers have been observed for the complexes, depending on the stereoelectronic properties of the ligand. The structure–activity relationship has been studied for gem-specific alkyne dimerization via a cooperative ligand-assisted proton shuttle mechanism. Density functional theory calculations have revealed a mechanistic pathway involving the hemilabile coordination of the BHetA ligand, CMD deprotonation, π-alkyne protonation, and reductive elimination. The increase in oxygen basicity imparted by the substituent in the pyridonato ligand is key, the 4-methyl derivative being the most active catalyst. However, a favored iminol–amide tautomerization precludes an increase in catalytic activity for the more basic saturated piperidonato catalyst.</subfield>
  </datafield>
  <datafield tag="536" ind1=" " ind2=" ">
    <subfield code="9">info:eu-repo/grantAgreement/ES/DGA/E42-23R</subfield>
    <subfield code="9">info:eu-repo/grantAgreement/ES/MECD/FPU17-05417</subfield>
    <subfield code="9">info:eu-repo/grantAgreement/ES/MICINN/PID2019-103965GB-I00/AEI/10.13039/501100011033</subfield>
    <subfield code="9">info:eu-repo/grantAgreement/ES/MICINN/PID2022-137208NB-I00</subfield>
  </datafield>
  <datafield tag="540" ind1=" " ind2=" ">
    <subfield code="9">info:eu-repo/semantics/openAccess</subfield>
    <subfield code="a">by-nc-nd</subfield>
    <subfield code="u">https://creativecommons.org/licenses/by-nc-nd/4.0/deed.es</subfield>
  </datafield>
  <datafield tag="590" ind1=" " ind2=" ">
    <subfield code="a">2.9</subfield>
    <subfield code="b">2024</subfield>
  </datafield>
  <datafield tag="591" ind1=" " ind2=" ">
    <subfield code="a">CHEMISTRY, ORGANIC</subfield>
    <subfield code="b">14 / 57 = 0.246</subfield>
    <subfield code="c">2024</subfield>
    <subfield code="d">Q1</subfield>
    <subfield code="e">T1</subfield>
  </datafield>
  <datafield tag="591" ind1=" " ind2=" ">
    <subfield code="a">CHEMISTRY, INORGANIC &amp; NUCLEAR</subfield>
    <subfield code="b">17 / 43 = 0.395</subfield>
    <subfield code="c">2024</subfield>
    <subfield code="d">Q2</subfield>
    <subfield code="e">T2</subfield>
  </datafield>
  <datafield tag="592" ind1=" " ind2=" ">
    <subfield code="a">0.676</subfield>
    <subfield code="b">2024</subfield>
  </datafield>
  <datafield tag="593" ind1=" " ind2=" ">
    <subfield code="a">Inorganic Chemistry</subfield>
    <subfield code="c">2024</subfield>
    <subfield code="d">Q2</subfield>
  </datafield>
  <datafield tag="593" ind1=" " ind2=" ">
    <subfield code="a">Physical and Theoretical Chemistry</subfield>
    <subfield code="c">2024</subfield>
    <subfield code="d">Q2</subfield>
  </datafield>
  <datafield tag="593" ind1=" " ind2=" ">
    <subfield code="a">Organic Chemistry</subfield>
    <subfield code="c">2024</subfield>
    <subfield code="d">Q2</subfield>
  </datafield>
  <datafield tag="594" ind1=" " ind2=" ">
    <subfield code="a">5.1</subfield>
    <subfield code="b">2024</subfield>
  </datafield>
  <datafield tag="655" ind1=" " ind2="4">
    <subfield code="a">info:eu-repo/semantics/article</subfield>
    <subfield code="v">info:eu-repo/semantics/acceptedVersion</subfield>
  </datafield>
  <datafield tag="700" ind1=" " ind2=" ">
    <subfield code="a">Galiana-Cameo, María</subfield>
    <subfield code="u">Universidad de Zaragoza</subfield>
    <subfield code="0">(orcid)0000-0002-2043-4864</subfield>
  </datafield>
  <datafield tag="700" ind1=" " ind2=" ">
    <subfield code="a">Urriolabeitia, Asier</subfield>
    <subfield code="u">Universidad de Zaragoza</subfield>
    <subfield code="0">(orcid)0000-0001-9352-6922</subfield>
  </datafield>
  <datafield tag="700" ind1=" " ind2=" ">
    <subfield code="a">Polo, Victor</subfield>
    <subfield code="u">Universidad de Zaragoza</subfield>
    <subfield code="0">(orcid)0000-0001-5823-7965</subfield>
  </datafield>
  <datafield tag="700" ind1=" " ind2=" ">
    <subfield code="a">Passarelli, Vincenzo</subfield>
    <subfield code="0">(orcid)0000-0002-1735-6439</subfield>
  </datafield>
  <datafield tag="700" ind1=" " ind2=" ">
    <subfield code="a">Pérez-Torrente, Jesús J.</subfield>
    <subfield code="u">Universidad de Zaragoza</subfield>
    <subfield code="0">(orcid)0000-0002-3327-0918</subfield>
  </datafield>
  <datafield tag="700" ind1=" " ind2=" ">
    <subfield code="a">Castarlenas, Ricardo</subfield>
    <subfield code="0">(orcid)0000-0003-4460-8678</subfield>
  </datafield>
  <datafield tag="710" ind1="2" ind2=" ">
    <subfield code="1">2010</subfield>
    <subfield code="2">760</subfield>
    <subfield code="a">Universidad de Zaragoza</subfield>
    <subfield code="b">Dpto. Química Inorgánica</subfield>
    <subfield code="c">Área Química Inorgánica</subfield>
  </datafield>
  <datafield tag="710" ind1="2" ind2=" ">
    <subfield code="1">2013</subfield>
    <subfield code="2">765</subfield>
    <subfield code="a">Universidad de Zaragoza</subfield>
    <subfield code="b">Dpto. Química Orgánica</subfield>
    <subfield code="c">Área Química Orgánica</subfield>
  </datafield>
  <datafield tag="710" ind1="2" ind2=" ">
    <subfield code="1">2012</subfield>
    <subfield code="2">755</subfield>
    <subfield code="a">Universidad de Zaragoza</subfield>
    <subfield code="b">Dpto. Química Física</subfield>
    <subfield code="c">Área Química Física</subfield>
  </datafield>
  <datafield tag="773" ind1=" " ind2=" ">
    <subfield code="g">43, 22 (2024), 2951-2962</subfield>
    <subfield code="p">Organometallics</subfield>
    <subfield code="t">Organometallics</subfield>
    <subfield code="x">0276-7333</subfield>
  </datafield>
  <datafield tag="856" ind1="4" ind2=" ">
    <subfield code="s">1442269</subfield>
    <subfield code="u">http://zaguan.unizar.es/record/147040/files/texto_completo.pdf</subfield>
    <subfield code="y">Postprint</subfield>
  </datafield>
  <datafield tag="856" ind1="4" ind2=" ">
    <subfield code="s">3113847</subfield>
    <subfield code="u">http://zaguan.unizar.es/record/147040/files/texto_completo.jpg?subformat=icon</subfield>
    <subfield code="x">icon</subfield>
    <subfield code="y">Postprint</subfield>
  </datafield>
  <datafield tag="909" ind1="C" ind2="O">
    <subfield code="o">oai:zaguan.unizar.es:147040</subfield>
    <subfield code="p">articulos</subfield>
    <subfield code="p">driver</subfield>
  </datafield>
  <datafield tag="951" ind1=" " ind2=" ">
    <subfield code="a">2026-02-17-20:46:28</subfield>
  </datafield>
  <datafield tag="980" ind1=" " ind2=" ">
    <subfield code="a">ARTICLE</subfield>
  </datafield>
</record>
</collection>